| 000 | 00541nam a2200145 a 4500 | ||
|---|---|---|---|
| 001 | 000032800 | ||
| 005 | 20200930065836.0 | ||
| 008 | 110726s1928 dr 000 0 spa d | ||
| 040 |
_aDO-SdBNP _bspa _cBNPHU |
||
| 082 |
_axxxx _bI43 |
||
| 110 | 1 |
_aRepública Dominicana _bInspección médico escolar de la común de Santo Domingo _958619 |
|
| 245 | 1 | 0 | _aInforme presentado por el médico inspector escolar al superintendente general de enseñanza pública. /. |
| 260 |
_aSanto Domingo, : _bJ. R. Vda. García, _c1928. |
||
| 300 |
_a20 p. ; _c24 cm. |
||
| 999 |
_c32291 _d32291 |
||